000 01567cam a22004334i 4500
003 PE-LiUPU
005 20250731173144.0
008 150623s2002 xxua rb 000 0 eng d
035 _a(Sirsi) a27784
040 _aPE-LiUPU
_bspa
_cPE-LiUPU
_erda
082 0 4 _a254.5
_bN34
_221
100 1 _aNebel, Thomas P.,
_eautor.
245 1 0 _aBig Dreams in small places :
_bchurch planting in smaller communities /
_cThomas P. Nebel.
264 1 _aSt. Charles, IL :
_bChurch ,
_c2002.
300 _a136 páginas :
_bilustraciones ;
_c23 centímetros
336 _atext
_2rdacontent
337 _aunmediated
_2rdamedia
338 _avolume
_2rdacarrier
504 _aIncluye bibliografía.
505 0 _aGod's plan for small communities -- Planting the smaller market church -- Creating a movement by starting small.
526 _aSEG42
526 _aSEG41
526 _aSEG40
526 _aSEG39
526 _aP94
526 _aP87
526 _aP86
526 _aP85
526 _aP77
526 _aP76
526 _aP35
650 0 4 _aCrecimiento de Iglesia en comunidades.
650 0 4 _aIglesia
_xDesarrollo.
942 _2ddc
_cBOOK
949 _a254.5 N34
_wDEWEY
_c1
_i53158
_lCCODEBUL1
_mBUL
_p14.00
_r0
_sY
_tBOOK
_u2015-06-24
_xTEOLOGIA
_PP35
_0COMPRA
_o.STAFF. Colección Teología
596 _a1
999 _a254.5 N34
_wDEWEY
_c34960
_i53158
_d34960
_e2015-10-19
_f2021-11-10
_g5
_lCCODEBUL1
_mBUL
_n1
_p14.00
_r0
_sY
_tBOOK
_u2015-6-24
_xTEOLOGIA
_PP35
_0COMPRA
_o.STAFF. Colección Teología
980 _81
_gALBERTO SANCHEZ Responsable de Automatización